01355nam a22002657a 4500952011600000999001700116005001700133008004100150020001500191050002300206100002900229245007000258260005500328300002400383337001000407338001400417504005000431505042400481519004400905650004200949650003300991650003901024700001901063942000701082 00102lcc4070a20b20d2015-09-17l1oHF5548.8 K10 1980p20 002658r2018-06-19s2018-06-18t1w2015-09-17yLB c98055d9805520231102151851.0150917b1980 xxu||||| |||| 00| 0 spa d a0137319436 aHF5548.8bK10 1980 aKolb, David A.e , autor aPsicología de las organizacionesb : problemas contemporáneos aBarcelonab : Prentice Hall Internacionalc , 1980 axiii, 282 páginas atexto asin medio aIncluye: Prefacio Prólogo Tabla de materias aSocialización organizacional Aprendizaje y solución de problemas Toma de decisiones en la organización Motivación y clima de las organizaciones Motivación de logro Toma de decisiones en grupos Percepción interpresonal Liderazgo Relaciones intergrupales Estructura y comunicación en la organización Desarrollo personal y de la carrera Ayuda y consulta Cambio planificado y desarrollo de la organización aMaterial Complementario / d(20 002658) 0aAPRENDIZAJE Y SOLUCIÓN DE PROBLEMAS 0aTOMA DE DECISIONES EN GRUPOS 0aPSICOLOGÍA EN LAS ORGANIZACIONES aIrwin M. Rubin cLB